| 000 | 00810nam a22001337a 4500 | ||
|---|---|---|---|
| 040 | _cRUA | ||
| 082 | _aLMA SOE 2023 B1-398 Or.1 | ||
| 100 | _aSOEURN SOKHA សឿន សុខា | ||
| 245 | _aSTUDY ON SECURITY OF LAND TITING AT SAMPOVPOUN COMMUNE, KOHTHOM DISTRICT, KANDAL PROVINCE. សិក្សាអំពីសុវត្ថិភាពនៃការកាន់កាប់ដីធ្លីរបស់ប្រជាពលរដ្ឋក្រោយទទួលបានប័ណ្ណកម្មសិទ្ធិ នៅឃុំសំពៅពូន ស្រុកកោះធំ ខេត្តកណ្តាល | ||
| 260 |
_aRUA _bPHNOM PENH _c2023 |
||
| 300 |
_axi _bill _c29cm |
||
| 856 | _uhttps://drive.google.com/file/d/1v57iIq0ztfflw7MVfIci774FpyFSV7q6/view?usp=sharing | ||
| 942 | _cLMA | ||
| 999 |
_c24930 _d24930 |
||